| 000 | 01324nam a2200265Ia 4500 | ||
|---|---|---|---|
| 999 |
_c35881 _d35881 |
||
| 001 | 1773 | ||
| 003 | GE_BSU | ||
| 005 | 20210531130044.0 | ||
| 008 | 181216s2005||||ge |||||||||||||| ||geo|| | ||
| 020 | _a9994038427 | ||
| 040 | _cGE_BSU | ||
| 041 | _ageo | ||
| 080 | _a519(075.8) ნ–153 | ||
| 100 |
_aნადარაია, ე. _911913 |
||
| 245 |
_aალბათობის თეორია : _b[დამხმ. სახელმძღვ. თსუ-ს სტუდ.] / _cელიზბარ ნადარაია, რევაზ აბსავა, მზევინარ ფაცაცია ; [რედ.: მ. ნადარეიშვილი] ; თსუ-ს სოხუმის ფილიალი. |
||
| 264 |
_aთბილისი : _bთბილ. უნ-ტის გამ-ბა, _c2005. |
||
| 300 |
_a201 გვ. _b19 სმ. |
||
| 541 | _h6ლ. | ||
| 653 | _aალბათობის თეორია | ||
| 700 |
_aაბსავა, რევაზ _eავტორი _911914 |
||
| 700 |
_aფაცაცია, მზევინარ _eავტორი _911915 |
||
| 700 |
_aნადარეიშვილი, მ. _eრედაქტორი _911916 |
||
| 710 |
_aთსუ-ს სოხუმის ფილიალი _911917 |
||
| 942 |
_cBK _2udc |
||